Welcome to the Holygrace Academy Library

Please use search bar below to get started

THE FROG PRINCE (Record no. 9158)

MARC details
000 -LEADER
fixed length control field 00270nam a22001217a 4500
082 ## - DEWEY DECIMAL CLASSIFICATION NUMBER
Classification number 823
Item number JAI/F
100 ## - MAIN ENTRY--AUTHOR NAME
Personal name JAIN, KULDEEP
245 ## - TITLE STATEMENT
Title THE FROG PRINCE
246 ## - VARYING FORM OF TITLE
Title proper/short title THE FROG PRINCE
Remainder of title THE FROG PRINCE
260 ## - PUBLICATION, DISTRIBUTION, ETC. (IMPRINT)
Place of publication NEW DELHI
Name of publisher PEGASUS
Year of publication 2025
300 ## - PHYSICAL DESCRIPTION
Number of Pages 16
942 ## - ADDED ENTRY ELEMENTS (KOHA)
Koha item type Books
Holdings
Withdrawn status Lost status Collection code Home library Current library Date acquired Source of acquisition Full call number Accession Number Koha item type
    ENGLISH FICTION Main Library Main Library 05/11/2025 CONTRIBUTION 823 JAI/F 13870 Books